Movie Poster Quiz #3 - Statistics

General Stats
  • This quiz has been taken 1,566 times
  • The average score is 11 of 16
Answer Stats
Picture Answer % Correct
How the Grinch Stole Christmas
96%
La La Land
92%
Lord of the Rings
92%
The Terminator
92%
Kill Bill Vol. 1
90%
Beetlejuice
89%
Edward Scissorhands
85%
The Martian
79%
The Sound of Music
68%
The Goonies
63%
Free Willy
62%
A Nightmare on Elmstreet
56%
Gremlins
52%
World War Z
51%
Poltergeist
44%
Rosemary's Baby
32%
No matching quizzes found
Score Distribution
Percent of People with Each Score
Percentile by Number Answered
Your Score History
You have not taken this quiz